<?xml version="1.0" encoding="UTF-8"?>
<collection xmlns="http://www.loc.gov/MARC21/slim">
 <record>
  <leader>01914cam a2200433   4500</leader>
  <controlfield tag="001">1112838740</controlfield>
  <controlfield tag="003">DE-627</controlfield>
  <controlfield tag="005">20240114110556.0</controlfield>
  <controlfield tag="007">tu</controlfield>
  <controlfield tag="008">950109s1979    xx |||||      00| ||ger c</controlfield>
  <datafield tag="035" ind1=" " ind2=" ">
   <subfield code="a">(DE-627)1112838740</subfield>
  </datafield>
  <datafield tag="035" ind1=" " ind2=" ">
   <subfield code="a">(DE-576)042838746</subfield>
  </datafield>
  <datafield tag="035" ind1=" " ind2=" ">
   <subfield code="a">(DE-599)BSZ042838746</subfield>
  </datafield>
  <datafield tag="035" ind1=" " ind2=" ">
   <subfield code="a">(OCoLC)32441501</subfield>
  </datafield>
  <datafield tag="035" ind1=" " ind2=" ">
   <subfield code="a">(OCoLC)32441501</subfield>
  </datafield>
  <datafield tag="035" ind1=" " ind2=" ">
   <subfield code="a">(OCoLC)1078731648</subfield>
  </datafield>
  <datafield tag="040" ind1=" " ind2=" ">
   <subfield code="a">DE-627</subfield>
   <subfield code="b">ger</subfield>
   <subfield code="c">DE-627</subfield>
   <subfield code="e">rakwb</subfield>
  </datafield>
  <datafield tag="041" ind1=" " ind2=" ">
   <subfield code="a">ger</subfield>
  </datafield>
  <datafield tag="084" ind1=" " ind2=" ">
   <subfield code="a">347</subfield>
   <subfield code="2">bwlb</subfield>
  </datafield>
  <datafield tag="100" ind1="1" ind2=" ">
   <subfield code="a">Weis, Alfred</subfield>
   <subfield code="4">aut</subfield>
  </datafield>
  <datafield tag="245" ind1="1" ind2="4">
   <subfield code="a">Das Ordnen eines Trümmerhaufens</subfield>
   <subfield code="b">dreißig Jahre Umlegungsbehörde und Wiederaufbau in Freiburg im Breisgau</subfield>
   <subfield code="c">Alfred Weis; Wolfgang Klug</subfield>
  </datafield>
  <datafield tag="264" ind1=" " ind2="1">
   <subfield code="a">Freiburg (Breisgau)</subfield>
   <subfield code="b">Rombach</subfield>
   <subfield code="c">1979</subfield>
  </datafield>
  <datafield tag="300" ind1=" " ind2=" ">
   <subfield code="a">16 S.</subfield>
   <subfield code="b">Ill.</subfield>
  </datafield>
  <datafield tag="336" ind1=" " ind2=" ">
   <subfield code="a">Text</subfield>
   <subfield code="b">txt</subfield>
   <subfield code="2">rdacontent</subfield>
  </datafield>
  <datafield tag="337" ind1=" " ind2=" ">
   <subfield code="a">ohne Hilfsmittel zu benutzen</subfield>
   <subfield code="b">n</subfield>
   <subfield code="2">rdamedia</subfield>
  </datafield>
  <datafield tag="338" ind1=" " ind2=" ">
   <subfield code="a">Band</subfield>
   <subfield code="b">nc</subfield>
   <subfield code="2">rdacarrier</subfield>
  </datafield>
  <datafield tag="490" ind1="1" ind2=" ">
   <subfield code="a">Freiburger Stadthefte</subfield>
   <subfield code="v">26</subfield>
  </datafield>
  <datafield tag="648" ind1=" " ind2="7">
   <subfield code="a">Geschichte 1945-1952</subfield>
   <subfield code="2">gnd</subfield>
   <subfield code="7">(dpeaa)DE-631</subfield>
  </datafield>
  <datafield tag="648" ind1=" " ind2="4">
   <subfield code="a">20. Jahrhundert 1945-1952</subfield>
   <subfield code="0">(DE-631)36046</subfield>
   <subfield code="7">(dpeaa)DE-631</subfield>
  </datafield>
  <datafield tag="650" ind1="0" ind2="7">
   <subfield code="0">(DE-588)4421423-6</subfield>
   <subfield code="0">(DE-627)21477743X</subfield>
   <subfield code="0">(DE-576)212267256</subfield>
   <subfield code="a">Nachkriegszeit</subfield>
   <subfield code="2">gnd</subfield>
   <subfield code="7">(dpeaa)DE-631</subfield>
  </datafield>
  <datafield tag="650" ind1="0" ind2="7">
   <subfield code="0">(DE-588)4065958-6</subfield>
   <subfield code="0">(DE-627)106116185</subfield>
   <subfield code="0">(DE-576)209161728</subfield>
   <subfield code="a">Wiederaufbau</subfield>
   <subfield code="2">gnd</subfield>
   <subfield code="7">(dpeaa)DE-631</subfield>
  </datafield>
  <datafield tag="651" ind1=" " ind2="7">
   <subfield code="0">(DE-588)4018272-1</subfield>
   <subfield code="0">(DE-627)106326686</subfield>
   <subfield code="0">(DE-576)208923535</subfield>
   <subfield code="a">Freiburg im Breisgau</subfield>
   <subfield code="2">gnd</subfield>
   <subfield code="7">(dpeaa)DE-631</subfield>
  </datafield>
  <datafield tag="700" ind1="1" ind2=" ">
   <subfield code="a">Klug, Wolfgang</subfield>
   <subfield code="d">1933-2021</subfield>
   <subfield code="0">(DE-588)1315807084</subfield>
   <subfield code="0">(DE-627)1878019457</subfield>
   <subfield code="4">aut</subfield>
  </datafield>
  <datafield tag="787" ind1="0" ind2="8">
   <subfield code="i">Rezension</subfield>
   <subfield code="a">Stopfel, Wolfgang E., 1935 - </subfield>
   <subfield code="t">Alfred Weis und Wolfgang Klug, Das Ordnen eines Trümmerhaufens, Dreißig Jahre Umlegungsbehörde und Wiederaufbau in Freiburg im Breisgau</subfield>
   <subfield code="d">1980</subfield>
   <subfield code="w">(DE-627)1477937587</subfield>
   <subfield code="w">(DE-576)407937587</subfield>
  </datafield>
  <datafield tag="830" ind1=" " ind2="0">
   <subfield code="a">Freiburger Stadthefte</subfield>
   <subfield code="v">26</subfield>
   <subfield code="9">26</subfield>
   <subfield code="w">(DE-627)167517996</subfield>
   <subfield code="w">(DE-576)013043730</subfield>
   <subfield code="w">(DE-600)538389-4</subfield>
   <subfield code="7">ns</subfield>
  </datafield>
  <datafield tag="935" ind1=" " ind2=" ">
   <subfield code="a">BWLB</subfield>
  </datafield>
  <datafield tag="951" ind1=" " ind2=" ">
   <subfield code="a">BO</subfield>
  </datafield>
  <datafield tag="991" ind1=" " ind2=" ">
   <subfield code="a">Rezensiertes Werk</subfield>
  </datafield>
  <datafield tag="999" ind1=" " ind2=" ">
   <subfield code="a">KXP-PPN1112838740</subfield>
   <subfield code="e">4178814869</subfield>
  </datafield>
 </record>
</collection>
